La Colonna Di Fuoco

Gardado en:
Detalles Bibliográficos
Autor Principal: Ken Follett
Formato: Libro
Idioma:lingua descoñecida ou non válida
Publicado: Mondatori
Tags: Engadir etiqueta
Sen Etiquetas, Sexa o primeiro en etiquetar este rexistro!

MARC

LEADER 00000nam a2200000Ia 4500
001 R-896
003 CODICE-MESSINA
005 20260212102459.0
008 260211s9999 xx 000 0 und d
040 |c importazione_messina 
100 |a Ken Follett 
245 0 |a La Colonna Di Fuoco 
260 |b Mondatori 
942 |2 ddc  |c BK 
952 |0 0  |1 0  |2 ddc  |4 0  |6 SCAFFALE_8_000000000000000__ROMANZI  |7 0  |9 31724  |a ME  |b ME  |d 2026-02-11  |l 0  |o SCAFFALE 8 - ROMANZI  |p R-896  |r 2026-02-11 23:52:44  |w 2026-02-11  |x [REVISIONARE]  |y BK 
999 |c 27389  |d 27389